01103 2200349 4500001002100000005001500021035002000036007000300056008004100059020002200100040002200122082001500144084001700159090002100176090002200197100002400219245016800243250001700411300005500428650001900483700002500502700003400527700001700561850001200578041000800590504002900598264003000627336002100657337003000678338002300708990002200731INLIS00000000084577620191108082820 a0010-0419000635ta190411s2018 yoia gr| 1 ind d a978-979-29-6849-1 aYOPDYOGbinderda04223a338.04 a338.04 PAT p aDEP 338.04 PAT p aCB-D.11 2018-14540 aPatwiyantoepenulis10aProduk kreatif dan kewirausahaan SMK/MAK kelas XI :bprogram keahlian rekayasa perangkat lunak /coleh, Patwiyanto, Sri Wahyuni, Sumari Agus Prasetyo; editor, Tama aEdisi revisi axi, 211 halaman :bdiagram, gambar, tabel ;c25 cm 4aKewiraswastaan0 aSri Wahyuniepenulis0 aSumari Agus Prasetyoepenulis0 aTamaeeditor aYOPDYOG0 aind aBibilografi: halaman 20931aYogyakarta :bAndi,c2018 2rdacontentateks 2rdamediaatanpa perantara 2rdacarrieravolume aCB-D.11/2018-1454